000 00645nam a22001937a 4500
999 _c181399
_d181399
005 20210913111741.0
010 _aENG-129912
020 _a978-93-8999-149-9
_c3250.00
035 _a EN-113444
037 _bDBAD/PUB
082 _a340.03
100 _dAiyar,P Ramamatha
245 _aConcise law Dictionary :
_cby P Ramanatha Aiyar
250 _a7th ed.
260 _bLexis Nexis
_aIndia
_c2020
270 _bGurgaon
_e122002
_a14th Floor , Building No 10, Tower-B, DLF Cyber City, phase -ll
_k+91 124 4774444
_l+91 124 4774100
_mhelp.in@lexisnexis.com
300 _axxi,1570p.
_c25cm(pbk)
942 _2ddc
_cEN
_h340.03
_mAIR